Statistics for Swae Lee Charting Songs (Billboard Hot Rap / R&B)

Click here to take the quiz!

General Stats

  • This quiz has been taken 2 times
  • The average score is 5 of 11

Answer Stats

AlbumWeeks OnPeakArtist(s)Song% Correct
Spider-Man: Into the Spider-Verse and Hollywood's Bleeding50 Weeks#1Post Malone & Swae LeeSunflower
100%
Jungle Rules32 Weeks#2French Montana ft. Swae LeeUnforgettable
50%
beerbongs and bentleys5 Weeks#10Post Malone ft. Swae LeeSpoil My Night
50%
Non-Album Single17 Weeks#16XXXTENTACION & Lil Pump ft. Maluma & Swae LeeArms Around You
50%
Black Panther: The Album3 Weeks#31Khalid & Swae LeeThe Ways
50%
Trip14 Weeks#32Jhene Aiko ft. Swae Lee or Rae SremmurdSativa
50%
NOT ALL HEROES WEAR CAPES1 Week#36Metro Boomin' ft. Swae Lee & Travi$ ScottDreamcatcher
50%
Swaecation (SremmLife 3)1 Week#39Swae Lee ft. Slim JxmmiGuatemala
50%
Rolling Papers II8 Weeks#30Wiz Khalifa ft. Swae LeeHopeless Romantic
0%
Non-Album Single2 Weeks#30Swae Lee ft. DrakeWon't Be Late
0%
Shoot for the Stars, Aim for the Moon1 Week#33Pop Smoke ft. Swae LeeCreature
0%

Score Distribution

Percentile by Number Answered

Percent of People with Each Score

Your Score History

You have not taken this quiz